00365nam a2200145Ia 45000030006000000080041000060400015000471000017000622450068000792500011001472600026001583000006001845460012001900050017002020STCL150530s9999 xx 000 0 und d aSTCLcSTCL aBush Douglas aEnglish literature in the earlier seventeenth century 1600-1660 aSecond bClarendon pressc1962 a0 aEnglish20220125170826.0